000 00680nam a2200289Ia 4500
005 20260324113509.0
008 008 260324s9999 xx 000 0 eng d
020 _a9781003304838
037 _aEBOOK
040 _aCRL
040 _beng
040 _cCRL
041 _2eng
041 _aeng
084 _qCRL
100 _aWessam Elmeligi
_91120061
245 0 _aDystopia in Arabic Speculative Fiction
245 2 _bA Poetics of Distress
260 _bTaylor and Francis
260 _c2023
365 _a
365 _b230
856 _uhttp://www.taylorfrancis.com/books/9781003304838
942 _cEBOOK
999 _c1736696
_d1736696